| 000 | 00832nam a2200217 a 4500 | ||
|---|---|---|---|
| 003 | 0 | ||
| 005 | 20250220121303.0 | ||
| 008 | 111115s19uu xx 00 eng d | ||
| 050 |
_aPGS ML 3830 _b.R696 2011 |
||
| 100 | _aRodriguez, Leah Monica A. | ||
| 245 |
_aMusic genres and emotional stability of SISC grade 6 students / _cLeah Monica A. Rodriguez. |
||
| 260 |
_aLas PiƱas City, Philippines : _bSouthville International School and Colleges, _c2011. |
||
| 300 |
_a24 pages : _billustrations ; _c28 cm. |
||
| 504 | _aIncludes bibliographical references. | ||
| 650 |
_a Music _vPsychological aspects. |
||
| 650 |
_aMusic and emotion _vEffect on students. |
||
| 650 |
_aMusic preferences _vEmotional effects. |
||
| 650 |
_aChild psychology _vMusic and emotion. |
||
| 650 |
_aEmotional stability _vChildren. |
||
| 942 |
_2lcc _cPASS |
||
| 999 |
_c98701 _d98701 |
||